{"text_format":"3","workbook":"xls","n_sheets":2,"sheets":["Změnový list","rozpočet"],"not_rendered":{"external_links":4,"defined_names":232},"read":"whole","date_system":"1900","formulas":"cached_only"}

{"sheet":"Změnový list","index":0,"n_rows":36,"n_cols":9,"rows_kept":36,"merged":[[2,0,2,1],[2,2,2,8],[3,0,3,1],[3,2,3,8],[4,0,4,1],[4,2,4,8],[5,0,5,1],[5,2,5,8],[6,0,6,1],[6,2,6,8],[7,0,7,1],[7,2,7,8],[8,0,8,8],[9,0,17,0],[9,3,9,8],[10,1,12,2],[10,3,10,7],[11,3,11,7],[12,3,12,7],[13,1,13,8],[14,1,14,2],[14,3,14,7],[15,1,15,2],[15,3,15,7],[16,1,16,2],[16,3,16,7],[17,1,17,2],[17,3,17,7],[18,0,21,0],[18,1,18,4],[18,5,19,8],[19,1,19,4],[20,1,20,4],[20,5,21,8],[21,1,21,4],[22,0,26,0],[22,1,22,4],[22,5,22,8],[23,1,23,4],[23,5,23,8],[24,1,24,2],[24,5,24,8],[25,1,25,4],[25,5,25,8],[26,1,26,7],[27,0,28,0],[27,1,27,4],[27,5,27,8],[28,1,28,4],[28,5,28,8],[29,0,34,0],[29,1,29,4],[29,5,29,6],[29,7,29,8],[30,1,30,4],[30,5,30,6],[30,7,30,8],[31,1,31,4],[31,5,31,6],[31,7,31,8],[32,1,32,4],[32,5,32,6],[32,7,32,8],[33,1,33,4],[33,5,33,6],[33,7,33,8],[34,1,34,4],[34,5,34,6],[34,7,34,8],[35,0,36,0],[35,1,35,8],[36,1,36,8]],"flags":["formulas_cached_only"]}
["Protokol o změně díla",{"$nulls":5},"Změnový list ",null,"č. 01"]
[]
["Předmět díla:",null,"Výměna stávající střešní krytiny"]
["Objekt:",null,"Rekonstrukce historické stodoly v areálu NKP Kuželov"]
["Objednatel:",null,"Technické muzeum v Brně"]
["Zhotovitel:",null,"SASTA CZ, a.s."]
["TDI:",null,"xxxxxxxxxxxxxxxxxxxxxx"]
["Projektant:",null,"xxxxxxxxxxxxxxxxxxxxxxxxxxxxxxxxxxxxxxxxxxxxxxxxxxxxxxxxxxxxxxxxxxx"]
["1.  Zdůvodnění změny      \nNa KD č. 1, konaného dne 26. 10. 2020 za účasti objednatele, TDI, AD a zhotovitele byla provedena kontrola stavu stávající střešní krytiny, která byla demontováno, snesena a uložena. Ta měla být dle PD následně použita pro zpětnou montáž po provedení nového krovu.\nStávající střešní krytina je z důvodu deformace a degradace vlivem času pro zpětnou montáž nevhodná. Její opětovné použití již není možné. Povrch je narušený, nesoudržný. Dohodnuta náhrada nové pálené střešní krytiny.\nZměna předmětu díla byla iniciována objednatelem v důsledku skutečností při realizaci, které nebyly v době podpisu známy, a zhotovitel je nezavinil a ani nemohl předvídat, jelikož se tato skutečnost projevila až po snesení střešní krytiny. \n2.  Popis změny      \n2.1 Původní řešení      \nPůvodní řešení je uvedeno v Zadávací dokumentaci.            \n2.2  Nové řešení                                                                                                                                                            Montáž nové pálené střešní krytiny.\n2.3   Cenové porovnání      \n136.890,16 Kč bez DPH  \n3.    Závěr      \nNavržené řešení bude mít vliv na cenu díla a nebude mít dopad na celkovou dobu výstavby."]
["údaje o změně","Změnu vyvolal:",null,"Objednatel"]
[null,"Jedná se o změnu: (zatrhnout)",null,"zúžení předmětu díla, kterou se snižuje cena díla"]
[{"$nulls":3},"úprava předmětu díla bez vlivu na cenu díla"]
[{"$nulls":3},"nepředvídané práce realiz.a hrazené nad rámec ceny díla",{"$nulls":4},"X"]
[null,"Způsob projekčního řešení změny:"]
[null,"(zaškrtnout)",null,"zápis do SD (deníku změn)",{"$nulls":4},"X"]
[{"$nulls":3},"dodatek k PD"]
[{"$nulls":3},"dokumentace skut.provedení"]
[{"$nulls":3},"jiné"]
["údaje o složení ceny změny","hodnota přípočtů (víceprací)",{"$nulls":3},{"v":136890.16,"d":"136,890.16"}]
[null,"celkem v Kč bez DPH"]
[null,"hodnota odpočtů (méněprací)",{"$nulls":3},{"v":0,"d":"0.00"}]
[null,"celkem v Kč bez DPH"]
["údaje o ceně změny","ocenění změny předložil:",{"$nulls":3},"SASTA CZ ,a.s."]
[null,"náklady na změnu v Kč bez DPH",{"$nulls":3},{"v":136890.16,"d":"136,890.16"}]
[null,"Výše DPH",null,"sazba:",{"v":0.21,"d":"21%"},{"v":28746.9336,"d":"28,746.93"}]
[null,"náklady na změnu vč. DPH",{"$nulls":3},{"v":165637.0936,"d":"165,637.09"}]
[null,"údaje o dosud schválených změnách jsou uvedeny v tabulce evidence změn č."]
["termíny","Termín realizace změny:",{"$nulls":3},"Na výzvu investora"]
[null,"Vliv změny na terním dokončení díla:",{"$nulls":3},"NE"]
["odsouhlasení změny","Změnu odsouhlasil:",{"$nulls":3},"datum",null,"podpis"]
[null,"Zhotovitel (stavbyvedoucí):",{"$nulls":3},"2020-11-09"]
[null,"Zhotovitel (statutární zástupce):",{"$nulls":3},"2020-11-09"]
[null,"TDI:",{"$nulls":3},"2020-11-09"]
[null,"Projektant:",{"$nulls":3},"2020-11-09"]
[null,"Objednatel (statutární zástupce):",{"$nulls":3},"2020-11-09"]
["přílohy","Přílohy: Zápis z KD č. 1, Kopie zápisu v SD, Rozpočet víceprací"]

{"sheet":"rozpočet","index":1,"n_rows":30,"n_cols":7,"rows_kept":30,"flags":["formulas_cached_only"]}
["TMB - Stavební úpravy SO 033, Terezy Novákové 64, Brno"]
[]
["S:","033","Stavební úpravy SO 033 "]
["O:",null,"Stavební a konstrukční část R01"]
["R:","ZL 04","Nové řešení římsy"]
[]
["P.č.","Číslo položky","Název položky","MJ","množství","cena / MJ","celkem"]
[]
[null,null,"CELKEM",{"$nulls":3},{"v":122149.554,"d":"122,149.55"}]
[]
["Díl:","764","Konstrukce klempířské"]
[1,"764-01","Montáž doplňkových klempířských prvků fasády","bm",356.48,{"v":96,"d":"96.00"},{"v":34222.08,"d":"34,222.08"}]
[null,null,"Montáž prvků K11,12,13,14 : 4*2*44,56"]
[2,"764-02","Perforovaný plech ukončení (v barvě fas)","m",{"v":92,"d":"92.00"},{"v":203,"d":"203.00"},{"v":18676,"d":"18,676.00"}]
[3,"764-03","Krycí plech přesahu střechy (v barvě fas)","m",{"v":92,"d":"92.00"},{"v":271,"d":"271.00"},{"v":24932,"d":"24,932.00"}]
[4,"764-04","Krycí plech pod okapem (v barvě fas)","m",{"v":92,"d":"92.00"},{"v":128,"d":"128.00"},{"v":11776,"d":"11,776.00"}]
[5,"764-05","L profil rektifikační Pz","m",{"v":92,"d":"92.00"},{"v":87,"d":"87.00"},{"v":8004,"d":"8,004.00"}]
[6,"764-06","Spojovací materiál (nýty, šrouby)","soub",{"v":1,"d":"1.00"},{"v":1560,"d":"1,560.00"},{"v":1560,"d":"1,560.00"}]
["Díl:","94","Lešení a stavební výtahy"]
[7,"941941191R00","Příplatek za každý měsíc použití lešení k pol.1031","m2",{"v":245,"d":"245.00"},27.03,{"v":6622.35,"d":"6,622.35"}]
[null,null,"(plocha 92 m x 8 m)/3 (10 dní)"]
["Díl:","96","Bourání konstrukcí"]
[8,"96-01","Bourání stávajícího bednění římsy","m",{"v":92,"d":"92.000"},{"v":172,"d":"172.00"},{"v":15824,"d":"15,824.00"}]
["Díl:","D96","Přesuny suti a vybouraných hmot"]
[9,"979011111R00","Svislá doprava suti a vybour. hmot za 2.NP a 1.PP","t",{"v":0.9,"d":"0.90"},122.72,{"v":110.44800000000001,"d":"110.45"}]
[10,"979081111R00","Odvoz suti a vybour. hmot na skládku do 1 km","t",{"v":0.9,"d":"0.90"},85.81,{"v":77.229,"d":"77.23"}]
[11,"979081121R00","Příplatek k odvozu za každý další 1 km","t",{"v":12.6,"d":"12.60"},5.29,{"v":66.654,"d":"66.65"}]
[12,"979082111R00","Vnitrostaveništní doprava suti do 10 m","t",{"v":0.9,"d":"0.90"},104.54,{"v":94.08600000000001,"d":"94.09"}]
[13,"979082121R00","Příplatek k vnitrost. dopravě suti za dalších 5 m","t",{"v":3.6,"d":"3.60"},11.66,{"v":41.976,"d":"41.98"}]
[14,"979990001R00","Poplatek za skládku stavební suti","t",{"v":0.9,"d":"0.90"},158.59,{"v":142.731,"d":"142.73"}]